[Event "SRB Central-ch op-B 9th"]
[Site "Paracin"]
[Date "2016.07.07"]
[Round "1"]
[White "Brkic, Toma"]
[Black "Putnik, Milan"]
[Result "1-0"]
[WhiteElo "2069"]
[BlackElo "1713"]
[PlyCount "69"]
[EventDate "2016.07.07"]
[EventType "swiss"]
[EventRounds "9"]
[EventCountry "SRB"]
[SourceTitle "CBM 173 Extra"]
[Source "ChessBase"]
[SourceDate "2016.08.29"]
[SourceVersion "1"]
[SourceVersionDate "2016.08.29"]
[SourceQuality "1"]

1. e4 c5 2. Nf3 d6 3. d4 cxd4 4. Nxd4 Nf6 5. Bd3 g6 6. b3 Bg7 7. Bb2 Nbd7 8. 0-0 0-0 9. Nd2 Ne5 10. Be2 Bd7 11. Rb1 Rc8 12. Re1 Qa5 13. a3 Bh6 14. Nc4 Nxc4 15. Bxc4 Qc5 16. h3 Bf4 17. Nf3 a6 18. Bd3 Nh5 19. e5 Bg3 20. Bd4 Bxf2+ 21. Bxf2 Qa5 22. exd6 exd6 23. a4 Nf4 24. Bf1 d5 25. c4 Be6 26. Qd4 dxc4 27. Qxf4 c3 28. Qf6 Rfd8 29. Bc4 Rxc4 30. bxc4 c2 31. Rbc1 Bf5 32. Bb6 Qxe1+ 33. Rxe1 Rd1 34. Bd4 Rxe1+ 35. Nxe1 1-0

[Event "Novi Sad Winter op"]
[Site "Novi Sad"]
[Date "2014.01.15"]
[Round "8"]
[White "Putnik, Milan"]
[Black "Vukovic, Cvetko"]
[Result "1-0"]
[WhiteElo "1751"]
[BlackElo "1801"]
[PlyCount "33"]
[EventDate "2014.01.10"]
[EventType "swiss"]
[EventRounds "9"]
[EventCountry "SRB"]
[SourceTitle "CBM 158 Extra"]
[Source "ChessBase"]
[SourceDate "2014.02.28"]
[SourceVersion "1"]
[SourceVersionDate "2014.02.28"]
[SourceQuality "1"]

1. d4 d5 2. c4 e6 3. Nc3 Nf6 4. Nf3 c6 5. g3 Be7 6. Bg2 0-0 7. 0-0 Nbd7 8. Bf4 Re8 9. h3 Nh5 10. cxd5 exd5 11. Bd2 g5 12. e4 dxe4 13. Nxe4 h6 14. Nfxg5 Nxg3 15. fxg3 hxg5 16. Qh5 Nf8 17. Qxf7+ 1-0

[Event "Novi Sad Winter op"]
[Site "Novi Sad"]
[Date "2014.01.14"]
[Round "7"]
[White "Licina, Zoran"]
[Black "Putnik, Milan"]
[Result "1/2-1/2"]
[WhiteElo "2233"]
[BlackElo "1751"]
[PlyCount "21"]
[EventDate "2014.01.10"]
[EventType "swiss"]
[EventRounds "9"]
[EventCountry "SRB"]
[SourceTitle "CBM 158 Extra"]
[Source "ChessBase"]
[SourceDate "2014.02.28"]
[SourceVersion "1"]
[SourceVersionDate "2014.02.28"]
[SourceQuality "1"]

1. e4 e5 2. Nf3 Nc6 3. Bb5 a6 4. Ba4 Nf6 5. 0-0 Be7 6. Re1 b5 7. Bb3 d6 8. c3 0-0 9. d4 Bg4 10. d5 Na5 11. Bc2 1/2-1/2

[Event "Novi Sad Winter op"]
[Site "Novi Sad"]
[Date "2014.01.12"]
[Round "4"]
[White "Putnik, Milan"]
[Black "Mladenovic, Dusan"]
[Result "1/2-1/2"]
[WhiteElo "1751"]
[BlackElo "2114"]
[PlyCount "56"]
[EventDate "2014.01.10"]
[EventType "swiss"]
[EventRounds "9"]
[EventCountry "SRB"]
[SourceTitle "CBM 158 Extra"]
[Source "ChessBase"]
[SourceDate "2014.02.28"]
[SourceVersion "1"]
[SourceVersionDate "2014.02.28"]
[SourceQuality "1"]

1. d4 Nf6 2. c4 c5 3. d5 b5 4. cxb5 a6 5. Nc3 Bb7 6. e4 Qa5 7. Bd2 axb5 8. Nxb5 Qb6 9. Bd3 Nxe4 10. Bxe4 Qxb5 11. b3 d6 12. Nf3 Nd7 13. Qc2 Ba6 14. Bf4 Nf6 15. 0-0-0 g6 16. Rhe1 Bg7 17. Bxd6 c4 18. Bxe7 Kd7 19. Bf5+ Kc7 20. d6+ Kb7 21. Bxf6 Bxf6 22. Be4+ Kb6 23. Bxa8 Rxa8 24. d7 Qc5 25. Re8 Rd8 26. bxc4 Bxc4 27. Rxd8 Qa3+ 28. Kd2 Qb4+ 1/2-1/2